000 00611cam a2200205 a 4500
001 000018537
005 20200929165822.0
008 810810s1962 ve 000 p spa d
035 _a(DLC) 63052887
040 _aDO-SdBNP
_cCarP
_dDLC
_dBNPHU
082 _aV861.6
_bC937c
100 1 _aCroce, Arturo,
_d1907-2002.
_940090
245 1 0 _aClaridad del sur :
_bpoesía /
_cArturo Croce.
260 _aCaracas :
_bArte,
_c1962.
300 _a119 p. ;
_c22 cm.
650 4 _aPoesía venezolana
_94230
650 4 _aLiteratura venezolana
_ySIGLO XX
_99777
910 _aCatalogación por derivada / LC
049 _aBNGR
999 _c18057
_d18057